| 000 | 00569 a2200205 4500 | ||
|---|---|---|---|
| 005 | 20260408164745.0 | ||
| 008 | 260408b |||||||| |||| 00| 0 eng d | ||
| 020 |
_a9788196507138 _cRs. 1300.00 |
||
| 040 | _aMAIN | ||
| 082 |
_a362.10954 _bK642N(15) |
||
| 100 | _aKishore, J | ||
| 110 | _a | ||
| 245 | _aNational health program of India: National policies and legislations related to health | ||
| 250 | _a15th | ||
| 260 |
_bCentury Publication _aNew Delhi _c2025 |
||
| 300 | _ablic | ||
| 650 | _aPublic Health | ||
| 650 | _aIndia - Health Care | ||
| 942 | _cBK | ||
| 999 |
_c393675 _d393675 |
||